Statistics for Countries with American Expatriates

Click here to take the quiz!

General Stats

  • This quiz has been taken 28,031 times
    (16,049 since last reset)
  • The average score is 11 of 14

Answer Stats

#Country% Correct
870,000Mexico
98%
660,000Canada
98%
170,000United Kingdom
98%
100,000France
96%
320,000Germany
94%
130,000China
91%
70,000Brazil
91%
56,000Australia
91%
60,000India
78%
140,000South Korea
68%
60,000Colombia
56%
410,000Philippines
50%
200,000Israel
42%
130,000Costa Rica
34%

Score Distribution

Percentile by Number Answered

Percent of People with Each Score

Your Score History

You have not taken this quiz since the last reset